[Event "Budapest FS10 IM-B"]
[Site "Budapest"]
[Date "2005.10.03"]
[Round "3"]
[White "Bennett, David Michael"]
[Black "Pachow, Joerg"]
[Result "1-0"]
[WhiteElo "2100"]
[BlackElo "2311"]
[PlyCount "51"]
[EventDate "2005.10.01"]
[EventType "tourn"]
[EventRounds "11"]
[EventCountry "HUN"]
[SourceTitle "CBM 108 Extra"]
[Source "ChessBase"]
[SourceDate "2005.11.04"]
[SourceVersion "1"]
[SourceVersionDate "2005.11.04"]
[SourceQuality "1"]

1. c4 e5 2. g3 Nf6 3. Bg2 d5 4. cxd5 Nxd5 5. Nc3 Nb6 6. Nf3 Nc6 7. 0-0 Be7 8. a3 0-0 9. b4 a6 10. d3 Bg4 11. h3 Bh5 12. Bb2 f5 13. Rc1 Bf6 14. Nd2 Rb8 15. Bxc6 bxc6 16. Nb3 Qd6 17. Qc2 Bg5 18. Rcd1 Nd5 19. Rfe1 Nxb4 20. axb4 Qxb4 21. Nb1 Bf7 22. N1d2 Bf6 23. Qc1 Qb5 24. Ba3 Rfd8 25. Nc5 Be7 26. Qc3 1-0

[Event "Budapest FS10 IM-B"]
[Site "Budapest"]
[Date "2005.10.01"]
[Round "1"]
[White "Dougherty, Michael J"]
[Black "Pachow, Joerg"]
[Result "0-1"]
[WhiteElo "2210"]
[BlackElo "2311"]
[PlyCount "89"]
[EventDate "2005.10.01"]
[EventType "tourn"]
[EventRounds "11"]
[EventCountry "HUN"]
[SourceTitle "CBM 108 Extra"]
[Source "ChessBase"]
[SourceDate "2005.11.04"]
[SourceVersion "1"]
[SourceVersionDate "2005.11.04"]
[SourceQuality "1"]

1. Nf3 Nf6 2. c4 g6 3. Nc3 Bg7 4. e4 d6 5. d4 0-0 6. Be2 e5 7. d5 a5 8. Bg5 h6 9. Bh4 g5 10. Bg3 Nh5 11. h4 g4 12. Nh2 Nxg3 13. fxg3 h5 14. 0-0 Na6 15. Bd3 Nc5 16. Bc2 Bd7 17. Qe2 Qe7 18. Rf2 f5 19. exf5 e4 20. Qe3 Rae8 21. Rd1 Qf6 22. Ne2 Bh6 23. Nf4 Qxb2 24. Nf1 Qe5 25. Qe1 Nd3 26. Bxd3 exd3 27. Qxa5 Bxf4 28. gxf4 Qd4 29. Ng3 Bxf5 30. Qxc7 Re2 31. Nxe2 dxe2 32. Rxd4 e1Q+ 33. Rf1 Qe3+ 34. Kh1 Qxd4 35. Qxd6 Re8 36. Qh6 Qd3 37. Qg5+ Bg6 38. Kg1 Qf5 39. c5 Qxg5 40. fxg5 Re5 41. Rd1 Kf8 42. c6 bxc6 43. dxc6 Rc5 44. Rd6 Be4 45. Rh6 0-1

[Event "Olomouc Inline Czechia Cup"]
[Site "Olomouc"]
[Date "2005.08.09"]
[Round "9"]
[White "Mohamed, Hossein"]
[Black "Pachow, Joerg"]
[Result "1/2-1/2"]
[WhiteElo "2230"]
[BlackElo "2352"]
[PlyCount "60"]
[EventDate "2005.08.03"]
[EventType "tourn"]
[EventRounds "11"]
[EventCountry "CZE"]
[EventCategory "3"]
[SourceTitle "CBM 107 Extra"]
[Source "ChessBase"]
[SourceDate "2005.09.01"]
[SourceVersion "1"]
[SourceVersionDate "2005.09.01"]
[SourceQuality "1"]

1. Nf3 g6 2. g3 Bg7 3. d4 Nf6 4. Bg2 0-0 5. b3 c5 6. Bb2 cxd4 7. Nxd4 d5 8. c4 dxc4 9. 0-0 Nc6 10. Nxc6 bxc6 11. bxc4 Qb6 12. Qb3 Bg4 13. Nc3 Qa6 14. c5 Nd7 15. Qa4 Qxa4 16. Nxa4 Bxb2 17. Nxb2 Rab8 18. Na4 Bxe2 19. Rfe1 Bb5 20. Rxe7 Rfd8 21. Nc3 Kf8 22. Rae1 Nxc5 23. Nxb5 cxb5 24. Rxa7 Rd7 25. Rxd7 Nxd7 26. Bc6 Nf6 27. Rb1 b4 28. Rb3 Rb6 29. Bf3 Ra6 30. Rxb4 Rxa2 1/2-1/2